书目信息 |
| 题名: |
350种花境植物应用图鉴
|
|
| 作者: | 任全进 , 于金平 , 杨虹 编 | |
| 分册: | ||
| 出版信息: | 北京 化学工业出版社 2020.2 |
|
| 页数: | ||
| 开本: | 14cm | |
| 丛书名: | ||
| 单 册: | ||
| 中图分类: | S68-64 | |
| 科图分类: | ||
| 主题词: | 园林植物--图集 | |
| 电子资源: | ||
| ISBN: | 978-7-122-36033-5 | |
| 000 | 01026nam0 2200241 450 | |
| 001 | 2045624278 | |
| 005 | 20201105124036.60 | |
| 010 | @a978-7-122-36033-5@dCNY78.00 | |
| 100 | @a20200530d2020 em y0chiy0110 ea | |
| 101 | 0 | @achi |
| 102 | @aCN@b110000 | |
| 105 | @af z 000zy | |
| 200 | 1 | @a350种花境植物应用图鉴@9350Zhong Hua Jing Zhi Wu Ying Yong Tu Jian@f任全进,于金平,杨虹编 |
| 210 | @a北京@c化学工业出版社@d2020.2 | |
| 215 | @d14cm | |
| 330 | @a《350种花境植物应用图鉴》共收载常见花境植物350种,按照多年生球宿根植物、花灌木、一二年生花卉进行编排,涵盖全国大部分地区常用花境植物,每种植物均附有色彩斑斓的写实照片。全书内容丰富,文字表达详实简练,植物识别特征明显,对各种花境植物的科属、形态特征、生长习性、园林应用、适用地区等进行了精炼概括,具有较高的知识性、实用性和鉴赏价值。 | |
| 606 | 0 | @a园林植物@j图集 |
| 690 | 0 | @aS68-64@v5 |
| 701 | 0 | @a任全进@9Ren Quan Jin@4编 |
| 701 | 0 | @a于金平@9Yu Jin Ping@4编 |
| 701 | 0 | @a杨虹@9Yang Hong@4编 |
| 801 | 0 | @aCN@b(网众)采访数据@c20201010 |
| 905 | @aZUCC@dS68-64@eR522 | |
| 350种花境植物应用图鉴/任全进,于金平,杨虹编.-北京:化学工业出版社,2020.2 |
| 14cm |
| ISBN 978-7-122-36033-5:CNY78.00 |
| 《350种花境植物应用图鉴》共收载常见花境植物350种,按照多年生球宿根植物、花灌木、一二年生花卉进行编排,涵盖全国大部分地区常用花境植物,每种植物均附有色彩斑斓的写实照片。全书内容丰富,文字表达详实简练,植物识别特征明显,对各种花境植物的科属、形态特征、生长习性、园林应用、适用地区等进行了精炼概括,具有较高的知识性、实用性和鉴赏价值。 |
| ● |
| 相关链接 |
|
|
|
正题名:350种花境植物应用图鉴
索取号:S68-64/R522
 
预约/预借
| 序号 | 登录号 | 条形码 | 馆藏地/架位号 | 状态 | 备注 |
| 1 | 1478990 | 214789905 | 自科库401/401自科库 68排1列3层/ [索取号:S68-64/R522] | 在馆 | |
| 2 | 1478991 | 214789914 | 自科库401/401自科库 68排1列3层/ [索取号:S68-64/R522] | 在馆 |